| 000 | 00886ngm a22003250a 4500 | ||
|---|---|---|---|
| 001 | PT14839 | ||
| 003 | AR-LpoUNG | ||
| 005 | 20210201235945.0 | ||
| 007 | vd cvaizq | ||
| 008 | 191001ss. f||||ag |||||||||||||||||spa d | ||
| 037 | _c$8.30 | ||
| 040 |
_aAR-LpoUNG _bspa _cAR-LpoUNG _eaacr |
||
| 041 | _aspa | ||
| 044 | _aag | ||
| 082 | 0 | _a982.05 21his | |
| 245 | 1 | 4 | _aLos inmigrantes |
| 260 |
_aBuenos Aires : _bEdu Cable Quality, _cs. f.. |
||
| 300 | _aVHS : son., byn, col. | ||
| 505 | 0 | _aDeclarado de interés educativo por el Ministerio de Cultura y Educación de la Nación | |
| 650 | 4 | _aARGENTINA | |
| 650 | 4 | _aCRECIMIENTO DEMOGRAFICO | |
| 650 | 4 | _aINMIGRACION | |
| 650 | 4 | _aINMIGRACION ILEGAL | |
| 650 | 4 | _aLEGISLACION SOBRE LA INMIGRACION | |
| 650 | 4 | _aMIGRACION INTERNACIONAL | |
| 653 | _aVIDEOS | ||
| 710 | 2 | _aEdu Cable | |
| 905 | _a14839 | ||
| 942 | _cVIDEO | ||
| 999 |
_c53847 _d53847 |
||